Introduction to criminalistics: (Record no. 36720)

MARC details
000 -LEADER
fixed length control field 00587nam a22001937a 4500
005 - DATE AND TIME OF LATEST TRANSACTION
control field 20241030111734.0
008 - FIXED-LENGTH DATA ELEMENTS--GENERAL INFORMATION
fixed length control field 241030b |||||||| |||| 00| 0 eng d
020 ## - INTERNATIONAL STANDARD BOOK NUMBER
ISBN 978-0-12-088591-6
082 ## - DEWEY DECIMAL CLASSIFICATION NUMBER
Classification number 363.25
Item number FIS-I
100 ## - MAIN ENTRY--AUTHOR
Author Name Fisher, Barry.A.J
245 ## - TITLE STATEMENT
Title Introduction to criminalistics:
Remainder of title The Foundation of Forensic Science/
Statement of responsibility, etc. Barry A. J. Fisher
260 ## - PUBLICATION, DISTRIBUTION, ETC.
Place of Publication USA;
Name of publisher, distributor, etc. Academic Press;
Date of publication, distribution, etc. 2009.
300 ## - PHYSICAL DESCRIPTION
Pages xi, 321 p.:
500 ## - GENERAL NOTE
General note Includes index.
650 ## - SUBJECT ADDED ENTRY--TOPICAL TERM
Subject / Department Social Sciences
700 ## - ADDED ENTRY--PERSONAL NAME
Personal name William J. Tilstone
700 ## - ADDED ENTRY--PERSONAL NAME
Personal name Catherine Woytowicz
300 ## - PHYSICAL DESCRIPTION
-- ill.;
-- 24 cm.
952 ## - LOCATION AND ITEM INFORMATION (KOHA)
-- 0
-- 0
Holdings
Lost status Damaged status Collection code Permanent Location Current Location Shelving Location Date acquired Full Call Number Accession No./Barcode Date last seen item type Koha item type
    Medical Superior Information Resource Center (SIRC) Superior University - City Campus Superior Information Resource Center (SIRC) Superior University - City Campus Economics 10/30/2024 363.25 FIS-I 2009 5050 10/30/2024 BOOK BOOK

Powered by Koha